7. kartografická konferencia so zahraničnou účasťou vedecko-technickým rozvojom k vyššej kvalite a efektívnosti kartografickej tvorby : Bratislava, 4.-6.9. 1984
Salvato in:
| Natura: | Libro |
|---|---|
| Lingua: | slovacco |
| Pubblicazione: |
Bratislava
Dom techniky ČSVTS
1984
|
| Tags: |
Nessun Tag, puoi essere il primo ad aggiungerne!!
|
MARC
| LEADER | 00000nam a2200000 4500 | ||
|---|---|---|---|
| 001 | c108879 | ||
| 005 | 20240403123340.3 | ||
| 041 | 0 | |a slo | |
| 044 | |a SK | ||
| 245 | 1 | 0 | |a 7. kartografická konferencia so zahraničnou účasťou |b vedecko-technickým rozvojom k vyššej kvalite a efektívnosti kartografickej tvorby : Bratislava, 4.-6.9. 1984 |
| 264 | 1 | |a Bratislava |b Dom techniky ČSVTS |c 1984 | |
| 300 | |a 305 s. | ||